书目信息 |
| 题名: |
高强度大规格角钢轴压稳定性能及其超强承载力计算方法
|
|
| 作者: | 郭耀杰 , 曹珂 , 陈颢元 著 | |
| 分册: | ||
| 出版信息: | 北京 科学出版社 2017 |
|
| 页数: | 125页 | |
| 开本: | 24cm | |
| 丛书名: | ||
| 单 册: | ||
| 中图分类: | TG142 | |
| 科图分类: | ||
| 主题词: | 角钢--jiao gang--承载力--计算方法 | |
| 电子资源: | ||
| ISBN: | 978-7-03-054483-4 | |
| 000 | 01114nam0 2200289 450 | |
| 001 | 012001002196 | |
| 005 | 20131110081815.0 | |
| 010 | @a978-7-03-054483-4@dCNY60.00 | |
| 099 | @aCAL 012018005404 | |
| 100 | @a20171207d2017 em y0chiy50 ea | |
| 101 | 0 | @achi |
| 102 | @aCN@b110000 | |
| 105 | @aak a 000yy | |
| 106 | @ar | |
| 200 | 1 | @a高强度大规格角钢轴压稳定性能及其超强承载力计算方法@Agao qiang du da gui ge jiao gang zhou ya wen ding xing neng ji qi chao qiang cheng zai li ji suan fang fa@f郭耀杰, 曹珂, 陈颢元著 |
| 210 | @a北京@c科学出版社@d2017 | |
| 215 | @a125页@c图@d24cm | |
| 314 | @a郭耀杰, 武汉大学土木工程学院教授等职。 | |
| 320 | @a有书目 (第122-125页) | |
| 330 | @a本书共分为六章, 主要内容包括: 导论、试验条件下轴压杆计算长度的研究、试验准备及试件计算长度的确定、高强度大规格角钢的轴压试验研究、有限元数值模型的建立与验证等。 | |
| 606 | 0 | @a角钢@Ajiao gang@x承载力@x计算方法 |
| 690 | @aTG142@v5 | |
| 701 | 0 | @a郭耀杰@Aguo yao jie@4著 |
| 701 | 0 | @a曹珂@Acao ke@4著 |
| 701 | 0 | @a陈颢元@Achen hao yuan@4著 |
| 801 | 0 | @aCN@b北京卓展@c20191020 |
| 905 | @b1199799-802@dTG142@e94@f4 | |
| 高强度大规格角钢轴压稳定性能及其超强承载力计算方法/郭耀杰, 曹珂, 陈颢元著.-北京:科学出版社,2017 |
| 125页:图;24cm |
| ISBN 978-7-03-054483-4:CNY60.00 |
| 本书共分为六章, 主要内容包括: 导论、试验条件下轴压杆计算长度的研究、试验准备及试件计算长度的确定、高强度大规格角钢的轴压试验研究、有限元数值模型的建立与验证等。 |
| ● |
| 相关链接 |
|
|
|
|
正题名:高强度大规格角钢轴压稳定性能及其超强承载力计算方法
索取号:TG142/94
 
预约/预借
| 序号 | 登录号 | 条形码 | 馆藏地/架位号 | 状态 | 备注 |
| 1 | 1199799 | 211997990 | 第二样本阅览室/ [索取号:TG142/94] | 在馆 | |
| 2 | 1199800 | 211998007 | 第三借阅区/ [索取号:TG142/94] | 在馆 | |
| 3 | 1199801 | 211998016 | 第三借阅区/ [索取号:TG142/94] | 在馆 | |
| 4 | 1199802 | 211998025 | 第三借阅区/ [索取号:TG142/94] | 在馆 |